000 01113nmm a2200337 a 4500
001 ocm000955271
003 TR-IsHL
005 20201028150313.0
008 150110s2012 tu tur
007 cr cn
020 _a9789944157490
035 _a955271
_b(N$T)
050 0 4 _aRA793.5
_b.G86 2012
090 0 4 _aRA793.5
_b.G86 2012
100 1 _aGümüş, Sefer
245 1 0 _aSağlık turizminde pazarlama değişkenlerine bir bakış ve İstanbul örneği
_h[electronic resource] /
_cSefer Gümüş ; Nebahat Polat
260 _aİstanbul :
_bHiperlink Yayınları,
_c2012
300 _a95 p.
500 _aKaynakça var.
_x
650 4 _aTıp
650 4 _aMedicine
650 0 _aTurizm
_x Pazarlama
_x Türkiye
650 0 _aTourism
_x Marketing
_x Turkey
650 0 _aSağlık Turizmi
_x Türkiye
650 0 _aHealth Tourism
_x Turkey
650 0 _aMedikal turizm
650 0 _aMedical tourism
650 7 _aHEALTH & FITNESS / General
_2bisacsh
700 1 _aPolat, Nebahat
856 4 0 _uhttp://search.ebscohost.com/login.aspx?direct=true&scope=site&db=e011xww&AN=955271
999 _c10402
_d10402